[Event "SVK-ch U08"]
[Site "Lubovnianske Kupele"]
[Date "2012.03.24"]
[Round "7"]
[White "Priscak, Samuel"]
[Black "Sosovicka, Jakub"]
[Result "0-1"]
[WhiteElo "1000"]
[BlackElo "1360"]
[PlyCount "72"]
[EventDate "2012.03.17"]
[EventType "swiss"]
[EventRounds "7"]
[EventCountry "SVK"]
[SourceTitle "CBM 147 Extra"]
[Source "ChessBase"]
[SourceDate "2012.04.24"]
[SourceVersion "1"]
[SourceVersionDate "2012.04.24"]
[SourceQuality "1"]

1. e4 e5 2. Nf3 Nc6 3. d4 exd4 4. Nxd4 Nf6 5. f3 Bc5 6. Be3 Bb6 7. Bb5 0-0 8. Nc3 Re8 9. Bxc6 bxc6 10. Na4 Ba5+ 11. c3 Ba6 12. Nc5 Bc4 13. Ncb3 Bb6 14. Qc2 Nd5 15. Qc1 Nxe3 16. Qxe3 d5 17. Qd2 dxe4 18. 0-0-0 exf3 19. gxf3 Bd5 20. Qg2 Qf6 21. Rdf1 Re3 22. Rhg1 c5 23. Re1 cxd4 24. cxd4 Rxf3 25. Qe2 h6 26. Qc2 Rd8 27. Re2 Rf1+ 28. Rxf1 Qxf1+ 29. Kd2 Bf3 30. Re3 Bxd4 31. Re1 Bf2+ 32. Kc3 Bxe1+ 33. Nd2 Rxd2 34. Qa4 Rd3+ 35. Kc2 Qe2+ 36. Kc1 Rd1+ 0-1